01446nam a22002417a 450000500170000000800410001704000250005804100080008304400070009110000210009824501780011926001450029730000280044250002080047052003110067865000360098965000360102565000310106166200500109270000210114270000230116370000180118620200104041621.0131118b2007 ck ||||| |||| 00| 0 spa d aCO-BoIAVHcCO-BoIAVH aspa ack aLozano H.-Fabio  aHerramientas de manejo del paisaje que garanticen la conectividad estructural entre las reservas forestales bosque de Yotoco y la reseva forestal La Albania, Valle de Cauca. aCalibInstituto de Investigación de Recursos Biológicos Alexander von HumboldtbCorporacion Autonoma Regional del Valle del Caucac2007 a129 p.bil,tabl.c27 cm aInforme convenio inter-administrativo de cooperacion tecnica Nº121 Instituto de Investigación de Recursos Biológicos Alexander von Humboldt entre Corporacion Autonoma Regional del Valle del Cauca.  aEstablecimiento del corredor biologico Yotoco- La Albania permitira recuperar parte de la conectividad estructural y biologica perdida, ya que incrementará la permeabilidad de la matriz del paisaje facilitando el movimiento de especies entre las dos reseversas forestales y parches de bosque intermedios. aProtección del Medio Ambiente aVegetaciónxcaracterísticas aFloraxCaracterízación aColombiabValle del CaucacYotococLa Albania aCaycedo C.-Paula aJimenez- Elizabeth aVargas-Wiliam